000 00486nam a2200157Ia 4500
003 OSt
005 20200608113931.0
008 190216s9999||||xx |||||||||||||| ||und||
040 _coclc
082 _a342.954
_bRAI/C
100 _aRai, B C
_92618
245 0 _aConstitutional History Of India And National Movement /
_cB C Rai ; L N Mukerjee
260 _bPrakasan Kendra,
_c2000.
_aLucknow:
300 _a185p
942 _cBK
_2ddc
_h342.954
_iRAI/C
_k342.954
_mRAI/C
999 _c20651
_d20651